[Event "Aut_chT_0910"]
[Site "Baden"]
[Date "2009.11.07"]
[Round "2"]
[Board "1"]
[White "Varga, Zoltan"]
[Black "Luther, Thomas"]
[Result "1/2-1/2"]
[WhiteElo "2485"]
[BlackElo "2577"]
[PlyCount "71"]
[EventDate "2009.11.06"]
[EventType "team"]
[EventRounds "11"]
[EventCountry "AUT"]
[WhiteTeam "ASVOE SK Lackenbach"]
[BlackTeam "Styria Graz"]

1.e4 e6 2.d4 d5 3.Nd2 c5 4.Ngf3 cxd4 5.Nxd4 Nc6 6.Bb5 Bd7 7.Nxc6 bxc6 8.Bd3 Bd6
9.O-O Qb8 10.Qh5 Nf6 11.Qh4 Bf4 12.g3 Bxd2 13.Bxd2 dxe4 14.Bh6 Rg8 15.Bxg7 Rxg7
16.Qxf6 Rg6 17.Qh8+ Ke7 18.Qxb8 Rxb8 19.Bxe4 f5 20.Bd3 Rxb2 21.Rfb1 Rb6 22.a4 c5
23.a5 Rxb1+ 24.Rxb1 Bc6 25.Rb8 Bf3 26.Kf1 Kd6 27.Be2 Bd5 28.f4 Rg7 29.Kf2 Rb7
30.Rxb7 Bxb7 31.Bd3 h6 32.h3 Ke7 33.g4 fxg4 34.hxg4 Kf6 35.Ke3 Bc6 36.c3

[Event "Aut_chT_0910"]
[Site "Baden"]
[Date "2009.11.07"]
[Round "2"]
[Board "2"]
[White "Nanu, Ciprian Costica"]
[Black "Bokros, Albert"]
[Result "1/2-1/2"]
[WhiteElo "2506"]
[BlackElo "2479"]
[PlyCount "60"]
[EventDate "2009.11.06"]
[EventType "team"]
[EventRounds "11"]
[EventCountry "AUT"]
[WhiteTeam "Styria Graz"]
[BlackTeam "ASVOE SK Lackenbach"]

1.d4 d5 2.Nf3 Nf6 3.c4 e6 4.e3 Be7 5.Nbd2 O-O 6.b3 c5 7.Bb2 Nc6 8.Be2 b6 9.O-O
Bb7 10.Rc1 Rc8 11.Ne5 cxd4 12.Nxc6 Bxc6 13.Bxd4 Ba3 14.Rc2 Qe7 15.cxd5 Bxd5
16.Ba6 Rxc2 17.Qxc2 Rd8 18.Be2 Bb7 19.Rd1 Rc8 20.Qb1 Bc5 21.Bb2 h6 22.Bf3 Bxf3
23.Nxf3 Ba3 24.Rc1 Rxc1+ 25.Qxc1 Bxb2 26.Qxb2 Qc5 27.h3 Nd5 28.Nd4 a5 29.a4 Kf8
30.Nf3 Qc3

[Event "Aut_chT_0910"]
[Site "Baden"]
[Date "2009.11.07"]
[Round "2"]
[Board "4"]
[White "Ruck, Robert"]
[Black "Vass, Frantisek"]
[Result "1-0"]
[WhiteElo "2570"]
[BlackElo "2350"]
[PlyCount "103"]
[EventDate "2009.11.06"]
[EventType "team"]
[EventRounds "11"]
[EventCountry "AUT"]
[WhiteTeam "Styria Graz"]
[BlackTeam "ASVOE SK Lackenbach"]

1.Nf3 d5 2.d4 Nf6 3.c4 Bf5 4.cxd5 Bxb1 5.Qa4+ Qd7 6.Qxd7+ Nbxd7 7.Rxb1 Nb6 8.e3
Nbxd5 9.a3 e6 10.Bd3 Be7 11.b4 c6 12.Bd2 O-O 13.Ke2 Rfd8 14.Rhc1 Nb6 15.e4 h6
16.Be3 Rac8 17.h3 Nfd7 18.Rc2 Bd6 19.Rbc1 a6 20.Nd2 e5 21.dxe5 Bxe5 22.f4 Bd6
23.Nb3 Be7 24.Na5 Rb8 25.Bxa6 bxa6 26.Nxc6 Bf6 27.e5 Bh4 28.Nxb8 Rxb8 29.Rc7 Bd8
30.Ra7 Nf8 31.Rxa6 Nd5 32.g3 Ne6 33.Bf2 g6 34.Kf3 Kf8 35.Ba7 Rb7 36.Bf2 Ke8
37.Ke4 Ndc7 38.Rb6 Rxb6 39.Bxb6 Kd7 40.a4 Be7 41.b5 Bb4 42.g4 Na8 43.Be3 Nac7
44.f5 gxf5+ 45.gxf5 Ng5+ 46.Bxg5 hxg5 47.b6 Na6 48.b7 Ba5 49.Rc8 Bc7 50.e6+ fxe6
51.fxe6+ Kd6 52.e7

[Event "Aut_chT_0910"]
[Site "Baden"]
[Date "2009.11.07"]
[Round "2"]
[Board "5"]
[White "Olle, Peter"]
[Black "Wells, Peter"]
[Result "0-1"]
[WhiteElo "2248"]
[BlackElo "2492"]
[PlyCount "130"]
[EventDate "2009.11.06"]
[EventType "team"]
[EventRounds "11"]
[EventCountry "AUT"]
[WhiteTeam "ASVOE SK Lackenbach"]
[BlackTeam "Styria Graz"]

1.e4 c5 2.Nf3 Nc6 3.c3 Nf6 4.e5 Nd5 5.d4 cxd4 6.cxd4 d6 7.Bc4 dxe5 8.Nxe5 e6
9.O-O Bd6 10.Bxd5 exd5 11.Bf4 Bxe5 12.Bxe5 O-O 13.Nc3 Nxe5 14.dxe5 d4 15.Nb5 Qa5
16.Nxd4 Qxe5 17.Re1 Qf6 18.Qd2 b6 19.Rad1 Bb7 20.Qe3 Rfd8 21.Qe7 Qxe7 22.Rxe7
Bd5 23.Rde1 Kf8 24.Nb5 Bxa2 25.Rxa7 Rxa7 26.Nxa7 Rd2 27.b4 Rb2 28.Rd1 g6 29.b5
Bc4 30.Rd8+ Kg7 31.h4 Bxb5 32.Nc8 Ba4 33.h5 gxh5 34.Ne7 Bc2 35.Rd6 b5 36.Nc6 b4
37.Nd4 b3 38.Rb6 Rb1+ 39.Kh2 Rf1 40.f4 h4 41.Kh3 Rxf4 42.Nxb3 Bf5+ 43.Kh2 Rf2
44.Nd4 Be4 45.Kh3 Bxg2+ 46.Kxh4 Be4 47.Kg3 Rd2 48.Rd6 Rd3+ 49.Kf4 Bg6 50.Rd7 Ra3
51.Rd5 h5 52.Kg5 Rg3+ 53.Kh4 Rg4+ 54.Kh3 Rf4 55.Kg3 Rf1 56.Rc5 Rh1 57.Nf3 Be4
58.Nh4 Kh6 59.Rc8 Rg1+ 60.Kh2 Rh1+ 61.Kg3 Rg1+ 62.Kh2 Rg4 63.Kh3 Kg5 64.Rg8+ Kf4
65.Rh8 Rg1

[Event "Aut_chT_0910"]
[Site "Baden"]
[Date "2009.11.07"]
[Round "2"]
[Board "6"]
[White "Pirker, Georg"]
[Black "Ranits, Franz"]
[Result "1-0"]
[WhiteElo "2124"]
[BlackElo "2164"]
[PlyCount "73"]
[EventDate "2009.11.06"]
[EventType "team"]
[EventRounds "11"]
[EventCountry "AUT"]
[WhiteTeam "Styria Graz"]
[BlackTeam "ASVOE SK Lackenbach"]

1.d4 g6 2.e4 Bg7 3.c4 d6 4.Nc3 Nc6 5.Be3 e5 6.dxe5 dxe5 7.Qxd8+ Kxd8 8.O-O-O+
Bd7 9.Nf3 f6 10.c5 Kc8 11.Bc4 Na5 12.Rxd7 Kxd7 13.Rd1+ Ke8 14.Nb5 Rd8 15.Nxc7+
Ke7 16.Bd5 Bh6 17.b4 Nc6 18.b5 Bxe3+ 19.fxe3 Rd7 20.Ne6 Nb4 21.Kb2 Nh6 22.Kb3
Nxd5 23.exd5 e4 24.Ne1 Ng4 25.Nc2 Ne5 26.Nf4 g5 27.d6+ Kf7 28.Nd5 Nd3 29.Rf1 Ke6
30.Kc4 Ne5+ 31.Kd4 f5 32.Nc7+ Kf6 33.Kd5 Rhd8 34.Ne6 Re8 35.Ncd4 Ng4 36.Rxf5+
Kg6 37.Rxg5+

[Event "Aut_chT_0910"]
[Site "Baden"]
[Date "2009.11.08"]
[Round "3"]
[Board "1"]
[White "Luther, Thomas"]
[Black "Meier, Georg"]
[Result "1/2-1/2"]
[WhiteElo "2577"]
[BlackElo "2663"]
[PlyCount "91"]
[EventDate "2009.11.06"]
[EventType "team"]
[EventRounds "11"]
[EventCountry "AUT"]
[WhiteTeam "Styria Graz"]
[BlackTeam "Holz Dohr"]

1.e4 e6 2.d4 d5 3.exd5 exd5 4.Nf3 Nc6 5.Bb5 Bd6 6.c4 dxc4 7.d5 a6 8.Ba4 b5
9.dxc6 bxa4 10.O-O Ne7 11.Qxa4 O-O 12.Nbd2 Rb8 13.a3 Be6 14.Nxc4 Bd5 15.Nd4 Bc5
16.Rd1 Bxd4 17.Rxd4 Nf5 18.Rd3 Qe8 19.Ne3 Bxc6 20.Qf4 Be4 21.Rd1 Qe6 22.Nxf5
Qxf5 23.Qxf5 Bxf5 24.b4 Bc2 25.Re1 Rfe8 26.Bf4 Rxe1+ 27.Rxe1 Rd8 28.Bxc7 Rd1
29.Rxd1 Bxd1 30.f4 f5 31.Kf2 Kf7 32.Ke3 Ke6 33.Kd4 Kd7 34.Be5 g6 35.Kc5 Ba4
36.g3 Bb5 37.Bb2 Bc6 38.Kb6 Bb5 39.Be5 h5 40.Bb8 Bd3 41.a4 Bc2 42.b5 axb5
43.Kxb5 Be4 44.Kb6 Bf3 45.Be5 Bg2 46.a5

[Event "Aut_chT_0910"]
[Site "Baden"]
[Date "2009.11.08"]
[Round "3"]
[Board "4"]
[White "Bischoff, Klaus"]
[Black "Ruck, Robert"]
[Result "1-0"]
[WhiteElo "2569"]
[BlackElo "2570"]
[PlyCount "91"]
[EventDate "2009.11.06"]
[EventType "team"]
[EventRounds "11"]
[EventCountry "AUT"]
[WhiteTeam "Holz Dohr"]
[BlackTeam "Styria Graz"]

1.c4 Nf6 2.Nc3 d5 3.cxd5 Nxd5 4.g3 e5 5.Bg2 Nb6 6.Nf3 Nc6 7.O-O Be7 8.a3 O-O
9.b4 Re8 10.d3 Bf8 11.Nd2 Nd4 12.e3 Ne6 13.Nb3 c6 14.Bb2 f6 15.Qc2 Qc7 16.Rac1
Qf7 17.Ne4 Nd5 18.Na5 Rd8 19.Ba1 Qh5 20.Rb1 Qf7 21.Nd2 Rb8 22.Nf3 Ra8 23.Rfd1
Ndc7 24.Qb3 Nb5 25.a4 Nbc7 26.b5 c5 27.Nd2 Rb8 28.Ndc4 Ne8 29.b6 a6 30.Qc2 Kh8
31.f4 exf4 32.gxf4 Be7 33.f5 Nf8 34.Be4 Nd6 35.Nxd6 Bxd6 36.Nc4 Be7 37.Qg2 Nd7
38.Rf1 Bf8 39.Rf4 Ne5 40.Bxe5 fxe5 41.Nxe5 Qf6 42.Ng6+ hxg6 43.fxg6 Qe5 44.Qg3
Be7 45.Rh4+ Bxh4 46.Qxh4+

[Event "Aut_chT_0910"]
[Site "Baden"]
[Date "2009.11.08"]
[Round "3"]
[Board "6"]
[White "Karner, Christoph"]
[Black "Pirker, Georg"]
[Result "1-0"]
[WhiteElo "2384"]
[BlackElo "2124"]
[PlyCount "131"]
[EventDate "2009.11.06"]
[EventType "team"]
[EventRounds "11"]
[EventCountry "AUT"]
[WhiteTeam "Holz Dohr"]
[BlackTeam "Styria Graz"]

1.d4 d5 2.c4 c6 3.cxd5 cxd5 4.Nf3 Nf6 5.Nc3 Nc6 6.Bf4 Qb6 7.Na4 Qa5+ 8.Bd2 Qc7
9.Rc1 e6 10.e3 Bd6 11.Bd3 O-O 12.O-O Ne4 13.Be1 f5 14.b4 a6 15.Nc5 Qe7 16.a3 Rf6
17.Nxa6 Rh6 18.g3 g5 19.Nd2 Bd7 20.Nc5 Rxa3 21.Ndb3 Be8 22.f3 Nf6 23.b5 Nd8
24.Ra1 Rxa1 25.Qxa1 e5 26.dxe5 Bxc5 27.exf6 Bxe3+ 28.Kg2 Qxf6 29.Bc3 Qd6 30.Bxf5
Bxb5 31.Re1 Bd7 32.Be5 Qb6 33.Bxd7 Qxb3 34.Bf5 Ra6 35.Qb1 Qxb1 36.Rxb1 d4 37.Bc7
Ne6 38.Bb6 Ng7 39.Be4 h5 40.Bxb7 Ra2+ 41.Kh1 Rf2 42.Bd5+ Kh7 43.Bd8 d3 44.Be4+
Kg8 45.Bxd3 Rxf3 46.Bc4+ Kh7 47.Rb3 g4 48.Be2 Bg5 49.Bxf3 Bxd8 50.Be4+ Kh6
51.Rb8 Bf6 52.Kg2 Kg5 53.Rb6 Ne8 54.Rb5+ Kh6 55.Bc2 Bc3 56.Rb8 Nf6 57.Rb5 Bd4
58.Bd1 Bc3 59.h3 Ba1 60.Bc2 Bc3 61.Rc5 Bb2 62.Bd3 Bd4 63.Rb5 Bc3 64.h4 Bd4
65.Rg5 Bc3 66.Rg6+

[Event "Aut_chT_0910"]
[Site "Baden"]
[Date "2009.11.08"]
[Round "3"]
[Board "4"]
[White "Ranits, Franz"]
[Black "Lehner, Oliver"]
[Result "0-1"]
[WhiteElo "2164"]
[BlackElo "2407"]
[PlyCount "82"]
[EventDate "2009.11.06"]
[EventType "team"]
[EventRounds "11"]
[EventCountry "AUT"]
[WhiteTeam "ASVOE SK Lackenbach"]
[BlackTeam "Sparkasse Jenbach"]

1.e4 c6 2.d4 d5 3.Nc3 dxe4 4.Nxe4 Nd7 5.Nf3 Ngf6 6.Nxf6+ Nxf6 7.Ne5 g6 8.Be2 Bg7
9.O-O O-O 10.c3 Be6 11.Bf4 Qb6 12.Nd3 Rad8 13.Qc1 Bc4 14.Be5 c5 15.Re1 cxd4
16.Bxd4 Qc7 17.Qc2 Bxd3 18.Bxd3 Ng4 19.g3 e5 20.Be3 Nxe3 21.Rxe3 f5 22.Bf1 b6
23.Rd3 Rxd3 24.Qxd3 Rd8 25.Qc4+ Qxc4 26.Bxc4+ Kf8 27.Bb3 Bh6 28.Rd1 Rxd1+
29.Bxd1 Bc1 30.b3 Bb2 31.c4 Ke7 32.h4 Kd6 33.b4 Ba3 34.b5 Bc5 35.h5 e4 36.hxg6
hxg6 37.g4 f4 38.g5 f3 39.Bc2 Ke5 40.a4 Be7 41.Kh2 Kf4

[Event "Aut_chT_0910"]
[Site "Baden"]
[Date "2009.11.08"]
[Round "3"]
[Board "6"]
[White "Rathmanner, Anton"]
[Black "Stangl, Markus"]
[Result "0-1"]
[WhiteElo "1798"]
[BlackElo "2455"]
[PlyCount "69"]
[EventDate "2009.11.06"]
[EventType "team"]
[EventRounds "11"]
[EventCountry "AUT"]
[WhiteTeam "ASVOE SK Lackenbach"]
[BlackTeam "Sparkasse Jenbach"]

1.e4 c5 2.Nf3 d6 3.d4 cxd4 4.Nxd4 Nf6 5.Nc3 a6 6.Be2 e6 7.Be3 Nbd7 8.Nb3 b5 9.a3
Bb7 10.f3 Rc8 11.O-O Qc7 12.Rc1 Be7 13.Nd2 O-O 14.Qe1 Rfe8 15.f4 e5 16.Qg3 Bf8
17.f5 Nc5 18.Bf3 Qb8 19.Bg5 Ncd7 20.Nd5 Bxd5 21.exd5 e4 22.Be2 Qb6+ 23.Be3 Qb7
24.c4 bxc4 25.Nxc4 Nxd5 26.Bd4 Qb8 27.f6 g6 28.Rc2 Ne5 29.h4 Nc6 30.Be3 Nxe3
31.Qxe3 d5 32.h5 dxc4 33.hxg6 hxg6 34.Kf2 Ne5 35.Ke1

[Event "Aut_chT_0910"]
[Site "Baden"]
[Date "2009.11.08"]
[Round "3"]
[Board "1"]
[White "Bezold, Michael"]
[Black "Polzin, Rainer"]
[Result "1/2-1/2"]
[WhiteElo "2517"]
[BlackElo "2473"]
[PlyCount "62"]
[EventDate "2009.11.06"]
[EventType "team"]
[EventRounds "11"]
[EventCountry "AUT"]
[WhiteTeam "SK Hohenems"]
[BlackTeam "ASVOE Wulkaprodersdorf"]

1.c4 Nf6 2.Nc3 g6 3.g3 Bg7 4.Bg2 O-O 5.e4 c5 6.Nge2 Nc6 7.O-O d6 8.d3 Rb8 9.Rb1
Bd7 10.h3 Ne8 11.Be3 Nc7 12.d4 cxd4 13.Nxd4 Bxd4 14.Bxd4 b5 15.Nxb5 Nxb5 16.cxb5
Nxd4 17.Qxd4 Bxb5 18.Rfc1 Qd7 19.Rc3 Rfc8 20.Rbc1 Rxc3 21.Rxc3 Rb6 22.b3 Rc6
23.e5 Rxc3 24.Qxc3 dxe5 25.Qxe5 e6 26.g4 a6 27.a4 Bc6 28.Bxc6 Qxc6 29.g5 Qf3
30.Qb8+ Kg7 31.Qe5+ Kg8

[Event "Aut_chT_0910"]
[Site "Baden"]
[Date "2009.11.08"]
[Round "3"]
[Board "3"]
[White "Novkovic, Milan"]
[Black "Likavsky, Tomas"]
[Result "0-1"]
[WhiteElo "2396"]
[BlackElo "2476"]
[PlyCount "122"]
[EventDate "2009.11.06"]
[EventType "team"]
[EventRounds "11"]
[EventCountry "AUT"]
[WhiteTeam "SK Hohenems"]
[BlackTeam "ASVOE Wulkaprodersdorf"]

1.Nf3 Nf6 2.c4 d6 3.g3 g6 4.Bg2 Bg7 5.Nc3 O-O 6.O-O e5 7.d3 Re8 8.Rb1 Nc6 9.Bg5
h6 10.Bxf6 Bxf6 11.b4 Ne7 12.b5 Bg7 13.Nd2 f5 14.Nd5 Nxd5 15.Bxd5+ Kh7 16.Qc2
Qd7 17.Bg2 a6 18.a4 axb5 19.axb5 c6 20.Qb3 Rd8 21.Rfc1 d5 22.cxd5 cxd5 23.b6 e4
24.Rc7 Qe6 25.dxe4 fxe4 26.Nxe4 dxe4 27.Qxe6 Bxe6 28.Bxe4 Ra2 29.Bxb7 Rxe2
30.Bf3 Ra2 31.b7 Bh3 32.Bg2 Rb2 33.Re1 Re8 34.Rec1 Bxg2 35.Kxg2 Rb8 36.h4 R8xb7
37.Rxb7 Rxb7 38.Rc2 Bf6 39.f4 Kg7 40.Rd2 Kf7 41.Rd3 Rc7 42.Ra3 Rc2+ 43.Kh3 Rc3
44.Ra7+ Be7 45.Ra6 Rd3 46.Ra7 Kf6 47.Ra6+ Bd6 48.Kg4 h5+ 49.Kh3 Kf5 50.Ra4 Bc5
51.Ra5 Rc3 52.Ra2 Ke4 53.Kg2 Rb3 54.Re2+ Be3 55.Ra2 Rd3 56.Ra6 Rd2+ 57.Kh3 Kf3
58.Ra3 Rd1 59.Kh2 Re1 60.Rb3 Kg4 61.Rb2 Rd1

[Event "Aut_chT_0910"]
[Site "Baden"]
[Date "2009.11.08"]
[Round "3"]
[Board "6"]
[White "Kopinits, Anna-Christina"]
[Black "Atlas, Dimitry"]
[Result "0-1"]
[WhiteElo "2213"]
[BlackElo "2328"]
[PlyCount "112"]
[EventDate "2009.11.06"]
[EventType "team"]
[EventRounds "11"]
[EventCountry "AUT"]
[WhiteTeam "ASVOE Wulkaprodersdorf"]
[BlackTeam "SK Hohenems"]

1.e4 e6 2.d4 d5 3.Nd2 Nf6 4.e5 Nfd7 5.f4 c5 6.c3 Nc6 7.Ndf3 Qb6 8.a3 cxd4 9.cxd4
Na5 10.b4 Nc4 11.Rb1 a5 12.Qa4 Qc6 13.Qxc6 bxc6 14.Bxc4 dxc4 15.Ne2 axb4 16.axb4
Be7 17.Nc3 O-O 18.Nd2 Ba6 19.b5 cxb5 20.Nxb5 Rab8 21.Nc3 Rfd8 22.Kf2 f6 23.Ra1
Rb6 24.Rd1 Bb4 25.Na2 Be7 26.Nc3 Bb4 27.Na2 Ba5 28.Ne4 Bb7 29.Bd2 Bxd2 30.Nxd2
Rb2 31.Nc3 fxe5 32.fxe5 Nxe5 33.dxe5 Rbxd2+ 34.Rxd2 Rxd2+ 35.Ne2 Bxg2 36.Ke3
Rd3+ 37.Kf4 Bd5 38.Ra7 h6 39.h4 Rf3+ 40.Kg4 Rf5 41.Ng3 Bf3+ 42.Kh3 Rxe5 43.Rc7
Bd5 44.Kg4 Re3 45.Nh5 Re4+ 46.Kg3 Kf8 47.Nxg7 c3 48.Nh5 Rc4 49.Rd7 Bc6 50.Rd1 c2
51.Rc1 Ke7 52.Nf4 Rc3+ 53.Kh2 Be4 54.Ng2 e5 55.h5 Kd6 56.Ne1 Kc5

[Event "Aut_chT_0910"]
[Site "Baden"]
[Date "2009.11.08"]
[Round "3"]
[Board "1"]
[White "Boros, Denez"]
[Black "Lipka, Juraj"]
[Result "1/2-1/2"]
[WhiteElo "2494"]
[BlackElo "2409"]
[PlyCount "71"]
[EventDate "2009.11.06"]
[EventType "team"]
[EventRounds "11"]
[EventCountry "AUT"]
[WhiteTeam "Husek Wien"]
[BlackTeam "ASVOE Pamhagen"]

1.e4 e6 2.d4 d5 3.Nc3 Nf6 4.e5 Nfd7 5.f4 c5 6.Nf3 Nc6 7.Be3 Be7 8.Qd2 O-O 9.g3
a6 10.Bg2 b5 11.Qf2 f6 12.exf6 Nxf6 13.Qe2 Qb6 14.Qd2 Bd7 15.a3 Rac8 16.O-O Ng4
17.Ne2 Nxe3 18.Qxe3 Nxd4 19.Nexd4 cxd4 20.Qd3 Bf6 21.Rae1 b4 22.Rf2 bxa3 23.Qxa3
Rb8 24.Ne5 Bxe5 25.Rxe5 Qxb2 26.Qd6 Rbd8 27.f5 Bc8 28.Qc7 d3 29.cxd3 Qa1+ 30.Rf1
Qd4+ 31.Kh1 Rd7 32.Qb8 Rb7 33.Qd6 Rb6 34.Qc7 Rb7 35.Qd6 Rb6 36.Qc7

[Event "Aut_chT_0910"]
[Site "Baden"]
[Date "2009.11.08"]
[Round "3"]
[Board "2"]
[White "Kuthan, Andreas"]
[Black "Mihok, Oliver"]
[Result "0-1"]
[WhiteElo "2220"]
[BlackElo "2403"]
[PlyCount "88"]
[EventDate "2009.11.06"]
[EventType "team"]
[EventRounds "11"]
[EventCountry "AUT"]
[WhiteTeam "ASVOE Pamhagen"]
[BlackTeam "Husek Wien"]

1.e4 g6 2.d4 Bg7 3.Nf3 c5 4.c3 cxd4 5.cxd4 d5 6.e5 Bg4 7.Nc3 Nc6 8.Be2 Nh6 9.h3
Bxf3 10.Bxf3 e6 11.O-O Nf5 12.Be3 f6 13.exf6 Qxf6 14.Ne2 O-O 15.Bg4 Rae8 16.Qb3
Ncxd4 17.Nxd4 Nxd4 18.Bxd4 Qxd4 19.Qxb7 h5 20.Bf3 Be5 21.Rfe1 g5 22.Rad1 Qf4
23.Rxe5 Qxe5 24.Bxh5 Rb8 25.Qxa7 Rxb2 26.Bf3 Rfb8 27.Qa4 Rb1 28.Qc2 Rxd1+
29.Qxd1 Rb2 30.a4 Ra2 31.Qd3 Ra1+ 32.Bd1 Qe1+ 33.Kh2 Rxd1 34.Qg6+ Kf8 35.Qf6+
Ke8 36.Qg6+ Kd7 37.Qf7+ Kd6 38.Qf8+ Ke5 39.Qg7+ Ke4 40.f3+ Kd3 41.Qg6+ Kd4
42.Qxg5 Qe5+ 43.f4 Qxg5 44.fxg5 Ke5

[Event "Aut_chT_0910"]
[Site "Baden"]
[Date "2009.11.08"]
[Round "3"]
[Board "3"]
[White "Binder, Michael"]
[Black "Maslik, Miroslav"]
[Result "1/2-1/2"]
[WhiteElo "2208"]
[BlackElo "2377"]
[PlyCount "169"]
[EventDate "2009.11.06"]
[EventType "team"]
[EventRounds "11"]
[EventCountry "AUT"]
[WhiteTeam "Husek Wien"]
[BlackTeam "ASVOE Pamhagen"]

1.d4 Nf6 2.Nf3 e6 3.c4 d5 4.Nc3 Bb4 5.e3 O-O 6.Bd2 c5 7.dxc5 Nc6 8.Be2 dxc4
9.O-O e5 10.Na4 e4 11.Nd4 Bxd2 12.Qxd2 Ne5 13.b4 Bg4 14.Bxg4 Nfxg4 15.h3 Nf6
16.Qc2 Rb8 17.Nb5 Qd3 18.Qb2 Qd7 19.Nac3 Nd3 20.Qa3 b6 21.Nd6 bxc5 22.bxc5 Qc6
23.Nxc4 Nxc5 24.Na5 Qc7 25.Rac1 Nd3 26.Nd5 Qe5 27.Nc6 Qb2 28.Nxf6+ gxf6 29.Rc3
Qxa3 30.Rxa3 Rb7 31.Rxa7 Rxa7 32.Nxa7 Ra8 33.Nb5 f5 34.Ra1 Ra5 35.a4 Kg7 36.Nd4
Nb2 37.Ra2 Nxa4 38.Nxf5+ Rxf5 39.Rxa4 Re5 40.Kh2 Kg6 41.Rb4 h5 42.h4 Kf5 43.Kg3
Ra5 44.Rb8 f6 45.Kh3 Rc5 46.Rh8 Kg6 47.Rg8+ Kf5 48.g4+ hxg4+ 49.Rxg4 Rc1 50.Rf4+
Ke5 51.Kg2 Rc8 52.h5 Rh8 53.Rh4 Kf5 54.h6 Kg5 55.Kg3 Rh7 56.Rg4+ Kf5 57.Rh4 Kg5
58.Rxe4 Rxh6 59.Ra4 Rh1 60.Ra5+ Kg6 61.Kg4 Rh2 62.f3 Re2 63.e4 Re1 64.Ra6 Re2
65.Kf4 Re1 66.Re6 Ra1 67.Re8 Ra5 68.Rg8+ Kf7 69.Rb8 Kg6 70.Rb1 Rc5 71.Rb3 Ra5
72.Rc3 Rb5 73.Ra3 Rb1 74.Ke3 Rh1 75.Kd4 Rd1+ 76.Rd3 Re1 77.Kd5 Ra1 78.Rc3 Kg5
79.Rc2 Kf4 80.Rc6 Rd1+ 81.Ke6 Kxf3 82.Kf5 Ke3 83.Rc3+ Kd4 84.Rf3 Rb1 85.Kxf6

[Event "Aut_chT_0910"]
[Site "Baden"]
[Date "2009.11.08"]
[Round "3"]
[Board "4"]
[White "Vitouch, Anatol"]
[Black "Reinwald, Patrick"]
[Result "1-0"]
[WhiteElo "2288"]
[BlackElo "2096"]
[PlyCount "68"]
[EventDate "2009.11.06"]
[EventType "team"]
[EventRounds "11"]
[EventCountry "AUT"]
[WhiteTeam "ASVOE Pamhagen"]
[BlackTeam "Husek Wien"]

1.Nf3 Nc6 2.d4 d5 3.g3 Bg4 4.Bg2 Qd7 5.c4 dxc4 6.d5 O-O-O 7.Nc3 Bxf3 8.Bxf3 Ne5
9.Bg2 Kb8 10.Qd4 f6 11.Be3 b6 12.O-O-O a6 13.f4 Nf7 14.Qxc4 Ka7 15.Ne4 Nd6
16.Nxd6 exd6 17.Rd3 Kb7 18.Ra3 Qb5 19.Qxb5 axb5 20.Rb3 Ra8 21.Kb1 Re8 22.Bh3 Re7
23.Be6 g6 24.Rxb5 Bg7 25.a4 Nh6 26.a5 Ka6 27.Rb3 bxa5 28.Kc2 Ree8 29.Ra1 Rb8
30.Rba3 Rb5 31.b4 Nf5 32.Rxa5+ Rxa5 33.Rxa5+ Kb7 34.Bf2 Ra8

[Event "Aut_chT_0910"]
[Site "Baden"]
[Date "2009.11.08"]
[Round "3"]
[Board "5"]
[White "Zojer, Stefan"]
[Black "Lovrinovic, Christian"]
[Result "1/2-1/2"]
[WhiteElo "2043"]
[BlackElo "2247"]
[PlyCount "120"]
[EventDate "2009.11.06"]
[EventType "team"]
[EventRounds "11"]
[EventCountry "AUT"]
[WhiteTeam "Husek Wien"]
[BlackTeam "ASVOE Pamhagen"]

1.e4 c5 2.Nf3 d6 3.d4 cxd4 4.Nxd4 Nf6 5.Nc3 g6 6.Be3 Bg7 7.f3 Nc6 8.Qd2 O-O
9.Bc4 Bd7 10.O-O-O Rb8 11.Bb3 Na5 12.Bh6 Bxh6 13.Qxh6 b5 14.Nd5 Nxb3+ 15.Nxb3
Nxd5 16.exd5 Rb6 17.Rd4 f5 18.h4 e5 19.dxe6 Bxe6 20.h5 Bf7 21.hxg6 Bxg6 22.g4
Qf6 23.Rf4 Qg7 24.Qg5 fxg4 25.Qxg4 Rxf4 26.Qxf4 Qe5 27.Qd2 Rc6 28.Nd4 Rc4 29.c3
b4 30.Rd1 bxc3 31.bxc3 Qc5 32.Ne2 Kf7 33.Qd5+ Qxd5 34.Rxd5 Ke7 35.Ra5 Rc7 36.Kd2
Rb7 37.Nd4 h5 38.Ke3 Kf6 39.Rd5 Rb6 40.Ra5 a6 41.f4 Bf7 42.Kf3 Bc4 43.Rxh5 Bxa2
44.Rh6+ Kf7 45.Rh7+ Kf6 46.Rh6+ Kf7 47.Rh7+ Kg6 48.Ra7 Bc4 49.Ke4 Rb1 50.Nc2 Rd1
51.Ne3 Bd3+ 52.Kd5 Re1 53.Nc4 Bxc4+ 54.Kxc4 Rd1 55.Rxa6 Kf5 56.Ra5+ Kxf4 57.Rd5
Rxd5 58.Kxd5 Ke3 59.c4 Kd3 60.Kxd6 Kxc4

[Event "Aut_chT_0910"]
[Site "Baden"]
[Date "2009.11.08"]
[Round "3"]
[Board "6"]
[White "Bozinovic, Boban"]
[Black "Haas, Bernhard"]
[Result "1/2-1/2"]
[WhiteElo "2086"]
[BlackElo "1995"]
[PlyCount "126"]
[EventDate "2009.11.06"]
[EventType "team"]
[EventRounds "11"]
[EventCountry "AUT"]
[WhiteTeam "ASVOE Pamhagen"]
[BlackTeam "Husek Wien"]

1.e4 e6 2.d4 d5 3.Nc3 Nf6 4.Bg5 dxe4 5.Nxe4 Nbd7 6.Nf3 h6 7.Bxf6 Nxf6 8.Bd3 Nxe4
9.Bxe4 c5 10.O-O cxd4 11.Qe2 Qb6 12.a4 a6 13.Ne5 Bc5 14.Bd3 Qc7 15.f4 Bd6
16.Rae1 O-O 17.Qh5 Bd7 18.Rf3 f5 19.g4 Be8 20.Qh3 Bxe5 21.Rxe5 Bc6 22.Rf2 Rae8
23.Rfe2 Bxa4 24.b3 Bb5 25.Bxb5 axb5 26.gxf5 Qf7 27.Qd3 exf5 28.Qxb5 Ra8 29.Qd5
Qxd5 30.Rxd5 Rad8 31.Rb5 Rf7 32.Kf2 Rc8 33.Ke1 Rd8 34.Ree5 Rc7 35.Kd1 d3 36.c4
g6 37.Rb6 Kh7 38.Ree6 Rg7 39.Rbd6 Rxd6 40.Rxd6 g5 41.Rf6 gxf4 42.Rxf5 Rg2
43.Rxf4 Rxh2 44.Rf3 Kg6 45.Rxd3 Rf2 46.Rg3+ Kf7 47.Rh3 Kg6 48.Rg3+ Kf7 49.Kc1 b6
50.Rh3 Kg6 51.Rg3+ Kf5 52.Rh3 Kg5 53.Rg3+ Kf5 54.Rg8 Ke5 55.Rh8 Rf6 56.Kd2 Kd4
57.Rd8+ Kc5 58.Rd5+ Kc6 59.b4 Rd6 60.Rxd6+ Kxd6 61.Ke3 Ke5 62.Kf3 Kd4 63.c5 h5

[Event "Aut_chT_0910"]
[Site "Baden"]
[Date "2009.11.08"]
[Round "3"]
[Board "4"]
[White "Schenk, Andreas"]
[Black "Shengelia, Davit"]
[Result "1/2-1/2"]
[WhiteElo "2506"]
[BlackElo "2566"]
[PlyCount "183"]
[EventDate "2009.11.06"]
[EventType "team"]
[EventRounds "11"]
[EventCountry "AUT"]
[WhiteTeam "SK Sparkasse Fuerstenfeld"]
[BlackTeam "SK Advisory Invest Baden"]

1.d4 d5 2.c4 c6 3.Nf3 Nf6 4.e3 Bg4 5.h3 Bxf3 6.Qxf3 e6 7.Bd3 Nbd7 8.Nc3 Bb4
9.Bd2 O-O 10.O-O dxc4 11.Bxc4 e5 12.Rad1 Qe7 13.Bb3 Bd6 14.Bc2 Rfe8 15.dxe5 Qxe5
16.g3 Qe6 17.Qf5 Qxf5 18.Bxf5 Nc5 19.Kg2 Rad8 20.Kf3 Be5 21.Ke2 Nd5 22.Nxd5 cxd5
23.Bb4 Na4 24.b3 Nc3+ 25.Bxc3 Bxc3 26.Rd3 d4 27.Rfd1 b5 28.Bd7 Rxd7 29.Rxc3 dxc3
30.Rxd7 b4 31.a3 bxa3 32.Kd3 a5 33.Ra7 c2 34.Kxc2 Rc8+ 35.Kd2 Rd8+ 36.Kc2 Rc8+
37.Kd2 Rd8+ 38.Ke2 g6 39.Rxa5 Rc8 40.Kd2 Rd8+ 41.Kc2 Rc8+ 42.Kd2 Rd8+ 43.Ke2 Rc8
44.Rxa3 Rc2+ 45.Kf3 Kg7 46.Ra6 h5 47.g4 Kh6 48.gxh5 Kxh5 49.Rf6 Rc7 50.b4 Rb7
51.Rf4 f5 52.h4 Kh6 53.Rd4 Kg7 54.Kf4 Kf6 55.Rd6+ Kf7 56.Kg5 Rxb4 57.Rf6+ Ke7
58.Rxg6 f4 59.exf4 Rb2 60.h5 Rxf2 61.Ra6 Rg2+ 62.Kf5 Rb2 63.h6 Kf7 64.Ra8 Rb5+
65.Kg4 Kg6 66.Ra6+ Kh7 67.Rc6 Ra5 68.Rb6 Rc5 69.Re6 Ra5 70.f5 Ra1 71.Kf4 Rf1+
72.Ke5 Re1+ 73.Kd6 Ra1 74.Ke7 Ra7+ 75.Ke8 Ra8+ 76.Ke7 Ra7+ 77.Kd6 Ra1 78.Ke5
Re1+ 79.Kf6 Ra1 80.Kf7 Ra7+ 81.Re7 Ra6 82.Re5 Ra7+ 83.Re7 Ra6 84.f6 Kxh6 85.Rd7
Kh7 86.Re7 Ra8 87.Rc7 Ra6 88.Ke7 Ra8 89.Rd7 Kg6 90.Rd6 Ra7+ 91.Ke6 Rf7 92.Ke5

[Event "Aut_chT_0910"]
[Site "Baden"]
[Date "2009.11.08"]
[Round "3"]
[Board "5"]
[White "Baumegger, Siegfried"]
[Black "Wach, Markus"]
[Result "1-0"]
[WhiteElo "2442"]
[BlackElo "2381"]
[PlyCount "73"]
[EventDate "2009.11.06"]
[EventType "team"]
[EventRounds "11"]
[EventCountry "AUT"]
[WhiteTeam "SK Advisory Invest Baden"]
[BlackTeam "SK Sparkasse Fuerstenfeld"]

1.c4 Nf6 2.Nc3 e5 3.Nf3 Nc6 4.g3 Bb4 5.Nd5 Be7 6.Bg2 O-O 7.O-O Re8 8.d3 d6 9.e4
Bg4 10.Be3 Nd4 11.Bxd4 exd4 12.Qb3 Bxf3 13.Bxf3 Rb8 14.Nxf6+ Bxf6 15.Bg4 c5
16.f4 Qa5 17.a4 a6 18.Qc2 Bd8 19.Qf2 Qb4 20.e5 Bc7 21.Rae1 Qxa4 22.e6 fxe6
23.Bxe6+ Kh8 24.g4 Ba5 25.Re4 b5 26.Qh4 Rxe6 27.Rxe6 bxc4 28.f5 Qd7 29.dxc4 d3
30.Re7 Bd8 31.Rxd7 Bxh4 32.Rxd6 Rxb2 33.Rxd3 Ra2 34.Re3 h6 35.Re8+ Kh7 36.Rb1 h5
37.g5